Hair in Television II Quiz Stats

Quiz Updated Oct 8, 2012

Also try: Hollywood Hair
Challenge
Share
Tweet
Score 0/25 Timer 07:00
3 Plays Today
Number(Year) Character % Correct
1
(1966-1969)
Lieutenant Commander Spock
90%
9
(1989-1998)
Steven 'Steve' Quincy Urkel
74.6%
8
(1969-1974)
Carol Ann Tyler Martin Brady
71.4%
12
(1999-)
Lois (Pewterschmidt) Griffin
70.6%
25
(1964-1966)
Cousin Itt
67.5%
7
(1990-1998)
Cosmo Kramer
67.4%
4
(1993-1999)
Fran Fine
66.5%
3
(1991-2004)
Charles 'Chuckie' Finster Jr.
61.6%
22
(1985-1992)
Rose Nylund
61.6%
14
(1976-1980)
Jill Munroe
50.1%
19
(1983-1985)
He-Man (Prince Adam)
49.8%
5
(1960-1968)
Sheriff Andy Taylor
47.1%
24
(2007-)
Kate Gosselin
47.1%
Number(Year) Character % Correct
2
(2006-)
Katie Couric
46.2%
20
(2006-)
Liz Lemon
45.7%
18
(1964-1967)
Mary Ann Summers
45.6%
21
(1997-)
Leopold 'Butters' Stotch
44.5%
16
(1997-2001)
Daria Morgendorffer
42.6%
23
(1990-1996)
Captain Planet
37.6%
13
(2004-2010)
Hugo 'Hurley' Reyes
35.1%
10
(1998-2004)
Carrie Bradshaw
34.2%
15
(1984-)
Alex Trebek
32%
11
(2005-2009)
Earl Hickey
30.1%
17
(1997-2003)
Spike
25.1%
6
(1985-1987)
Cheetara
11.7%

You're not logged in!

Compare scores with friends on all Sporcle quizzes.
Sign Up with Email
OR
Log In

You Might Also Like...

Show Comments

Extras

Top Quizzes Today


Score Distribution

Your Account Isn't Verified!

In order to create a playlist on Sporcle, you need to verify the email address you used during registration. Go to your Sporcle Settings to finish the process.

Report this User

Report this user for behavior that violates our Community Guidelines.

Details: